Power engineers handbook (Record no. 5772)

MARC details
000 -LEADER
fixed length control field 00377nam a2200133Ia 4500
003 - CONTROL NUMBER IDENTIFIER
control field IN-BaIIA
008 - FIXED-LENGTH DATA ELEMENTS--GENERAL INFORMATION
fixed length control field 211028s9999 xx 000 0 eng d
040 ## - CATALOGING SOURCE
Transcribing agency IIA Library
245 #0 - TITLE STATEMENT
Title Power engineers handbook
Statement of responsibility, etc. edited by Leonard L Grigsby
260 ## - PUBLICATION, DISTRIBUTION, ETC.
Place of publication, distribution, etc. Tamil Nadu
Name of publisher, distributor, etc. Electeric Board
650 ## - SUBJECT ADDED ENTRY--TOPICAL TERM
Topical term or geographic name entry element Handbook: Engineers
9 (RLIN) 9998
700 ## - ADDED ENTRY--PERSONAL NAME
Personal name Grigsby, Leonard L., ed.
9 (RLIN) 9999
942 ## - ADDED ENTRY ELEMENTS (KOHA)
Koha item type Books
Holdings
Withdrawn status Lost status Damaged status Not for loan Home library Current library Shelving location Date acquired Cost, normal purchase price Total Checkouts Barcode Date last seen Cost, replacement price Price effective from Koha item type Purchase Price
        IIA Library-Bangalore IIA Library-Kavalur General Stacks 05/04/1978 100.00   6455 05/11/2021 100.00 05/04/1978 Books Rs. 100.00

Powered by Koha